000 01245nam0a2200325 4500
001 RU\NLR\b_ik\118668
005 20260408234833.0
035 _a(NLR Aleph) 002192242
090 _a2927849
_c2927849
100 _a20041019d1901 |||y0rusy50 ca
101 0 _ager
102 _aRU
105 _ay |||||||||
200 1 _aUntersuchungen zum Buch Amos
_fVon Dr. theol. et phil. Max Löhr
210 _aGieβen
_cRicker'sche Verlagsbuchh. (Töpelmann)
_d1901
215 _a[5], 67 c.
_d22
225 1 _aBeihefte zur Zeitschrift für die alttestamentliche Wissenschaft
_v4
320 _aБиблиогр. в подстроч. примеч.
500 _8lat
_aBiblia
_iV.T.
_iAmos
_7ba
_3RU\NLR\AUTH\559084
_92631139
541 0 _aИсследование Книги Амоса
_zrus
605 _aБиблия
_iВетхий Завет
_iКнига Амоса
_xИсследование текста
_92347407
_3RU\NLR\AUTH\661402687
686 0 _aЭ37-210.914
700 1 _aLöhr
_bM. R.H.
_f1864-1931
_gMax Richard Hermann
_4070
801 0 _aRU
_bNLR
_c20041019
_gPSBO
852 _aNLR
_jP37/403прил.
942 _cBOOK
980 _aNB